Bundesliga players 2020/21 - Statistics

General Stats
  • This quiz has been taken 6 times
  • The average score is 107 of 496
Answer Stats
Rank Player Positions Nationality Matches Goals Assists Clubs % Correct
2 Fabian Klos FW 34 5 2
100%
61 Florian Müller GK 31 0 0
100%
33 Gio Reyna MF, FW 32 4 5
100%
17 Gregor Kobel GK 33 0 0
100%
35 Ihlas Bebou DF, MF, FW 32 9 7
100%
94 Jérôme Boateng DF 29 1 1
100%
3 Jiří Pavlenka GK 34 0 0
100%
183 Jonas Hofmann MF, FW 24 6 11
100%
135 Joshua Kimmich DF, MF 27 4 10
100%
40 Koen Casteels GK 32 0 0
100%
42 Leroy Sané MF, FW 32 6 9
100%
20 Manuel Neuer GK 33 0 0
100%
140 Marcel Sabitzer DF, MF, FW 27 8 3
100%
21 Mats Hummels DF 33 5 0
100%
24 Péter Gulácsi GK 33 0 0
100%
9 Ritsu Doan DF, MF, FW 34 5 2
100%
111 Robert Lewandowski FW 29 41 7
100%
333 Salif Sané DF, MF 14 0 0
100%
465 Sebastian Müller DF, MF 2 0 0
100%
148 Serge Gnabry DF, MF, FW 27 10 2
100%
51 Thomas Müller MF, FW 32 11 19
100%
251 Victor Sá MF, FW 21 1 1
100%
71 Vincenzo Grifo MF, FW 31 9 10
100%
73 Yann Sommer GK 31 0 0
100%
414 Aarón Martín DF 5 0 0
75%
53 Amadou Haidara MF, FW 31 3 1
75%
116 Andrej Kramarić MF, FW 28 20 5
75%
28 André Silva FW 32 28 7
75%
155 Angeliño DF, FW 26 4 4
75%
157 Borna Sosa DF, MF, FW 26 0 9
75%
58 Christopher Trimmel DF, MF, FW 31 1 9
75%
118 Christoph Kramer MF 28 0 2
75%
30 Dani Olmo MF, FW 32 5 9
75%
31 David Alaba DF, MF 32 2 4
75%
60 Edmond Tapsoba DF 31 1 0
75%
32 Ellyes Skhiri MF 32 5 2
75%
222 Eric Maxim Choupo-Moting MF, FW 22 3 0
75%
77 Ermedin Demirović MF, FW 30 5 6
75%
34 Hannes Wolf MF, FW 32 3 2
75%
266 Javi Martínez DF, MF 19 0 0
75%
457 Johannes Eggestein DF, MF, FW 2 0 0
75%
475 Josep Martinez GK 1 0 0
75%
64 Julian Brandt MF, FW 31 3 2
75%
300 Keita Endo MF, FW 16 1 0
75%
136 Kevin Kampl MF 27 0 1
75%
18 Kevin Trapp GK 33 0 0
75%
99 Kingsley Coman MF, FW 29 5 10
75%
41 Krzysztof Piątek FW 32 7 1
75%
187 Leon Goretzka MF 24 5 5
75%
19 Lucas Höler MF, FW 33 4 4
75%
102 Makoto Hasebe DF, MF 29 0 0
75%
44 Marco Reus MF, FW 32 8 6
75%
66 Marius Wolf DF, MF, FW 31 2 2
75%
5 Matthias Ginter DF, MF 34 2 1
75%
22 Maximilian Eggestein MF 33 2 5
75%
46 Moussa Diaby MF, FW 32 4 11
75%
107 Nico Elvedi DF 29 3 1
75%
256 Niklas Süle DF 20 1 0
75%
68 Oliver Baumann GK 31 0 0
75%
488 Omar Marmoush MF, FW 1 0 0
75%
49 Ondrej Duda MF, FW 32 7 5
75%
6 Philipp Lienhart DF 34 4 0
75%
144 Rani Khedira DF, MF 27 1 0
75%
69 Robin Zentner GK 31 0 0
75%
383 Sami Khedira MF 9 0 1
75%
26 Stefan Lainer DF, MF 33 2 2
75%
27 Wataru Endo MF 33 3 3
75%
14 Wout Weghorst FW 34 20 8
75%
85 Alassane Pléa MF, FW 29 6 1
50%
467 Alexander Nübel GK 1 0 0
50%
263 Atakan Karazor DF, MF 19 0 0
50%
57 Christoph Baumgartner MF, FW 31 6 3
50%
297 Corentin Tolisso MF 16 1 0
50%
15 Daniel Caligiuri DF, MF, FW 33 6 4
50%
89 Dayot Upamecano DF 29 1 0
50%
180 Dominik Kohr DF, MF 24 1 1
50%
91 Emil Forsberg MF, FW 29 7 4
50%
122 Erling Haaland FW 28 27 6
50%
16 Florian Neuhaus MF 33 6 5
50%
162 Jamal Musiala MF, FW 26 6 1
50%
93 Jannes Horn DF, MF 29 0 1
50%
369 Jeremie Frimpong DF, MF, FW 10 0 0
50%
63 Jonathan Schmid DF, MF 31 2 2
50%
39 Josh Sargent MF, FW 32 5 2
50%
292 Julian Baumgartlinger DF, MF 17 2 0
50%
442 Konrad Laimer DF, MF 3 0 0
50%
79 Lars Stindl MF, FW 30 14 8
50%
80 Leon Bailey DF, MF, FW 30 9 8
50%
206 Lucas Hernández DF 23 0 2
50%
101 Lukáš Hrádecký GK 29 0 0
50%
208 Lukas Klostermann DF 23 1 0
50%
104 Marcus Thuram MF, FW 29 8 3
50%
303 Marwin Hitz GK 16 0 0
50%
141 Matheus Cunha MF, FW 27 7 4
50%
83 Maximilian Arnold MF 30 3 6
50%
106 Nadiem Amiri MF, FW 29 2 6
50%
67 Nicolas Höfler MF 31 1 3
50%
330 Ozan Kabak DF 14 0 0
50%
214 Peter Pekarík DF 23 3 1
50%
7 Rafał Gikiewicz GK 34 0 0
50%
145 Raphaël Guerreiro DF, MF, FW 27 5 10
50%
274 Roman Bürki GK 19 0 0
50%
232 Romano Schmid MF, FW 22 0 3
50%
25 Sasa Kalajdzic FW 33 16 5
50%
288 Sheraldo Becker MF, FW 18 3 3
50%
307 Stefan Bell DF 16 1 1
50%
11 Stefan Ortega GK 34 0 1
50%
261 Timo Becker DF, MF 20 0 0
50%
13 Timo Horn GK 34 0 0
50%
151 Vladimír Darida MF 27 1 6
50%
72 Waldemar Anton DF, MF 31 0 1
50%
113 Willi Orban DF 29 4 1
50%
52 Xaver Schlager MF 32 2 4
50%
152 Yussuf Poulsen MF, FW 27 5 4
50%
276 Ádám Szalai FW 18 1 0
25%
153 Alexander Schwolow GK 26 0 0
25%
86 Alexander Sørloth DF, FW 29 5 3
25%
200 Alphonso Davies DF 23 1 2
25%
115 Amine Harit MF, FW 28 2 5
25%
154 Amin Younes MF, FW 26 3 3
25%
54 Andreas Luthe GK 31 0 0
25%
424 Ansgar Knauff DF, MF, FW 4 1 1
25%
384 Anthony Modeste FW 8 0 0
25%
309 Axel Witsel DF, MF 15 0 0
25%
264 Bartosz Białek DF, MF, FW 19 2 0
25%
335 Benjamin Henrichs DF, MF 13 0 1
25%
177 Benjamin Pavard DF 24 0 0
25%
385 Bouna Sarr DF 8 0 1
25%
55 Breel Embolo MF, FW 31 5 2
25%
56 Cédric Brunner DF 31 0 1
25%
237 Charles Aránguiz MF 21 0 0
25%
320 Chris Richards DF, MF 14 0 2
25%
202 Christian Groß DF, MF 23 0 1
25%
1 Christian Günter DF, MF 34 3 3
25%
119 Christopher Nkunku MF, FW 28 6 6
25%
29 Daichi Kamada MF, FW 32 5 12
25%
375 Dan-Axel Zagadou DF 9 0 0
25%
203 Daniel Didavi MF, FW 23 4 3
25%
220 Danny da Costa DF, FW 22 0 1
25%
265 Dedryck Boyata DF 19 1 0
25%
169 Denis Zakaria DF, MF 25 1 1
25%
120 Djibril Sow MF 28 0 2
25%
90 Dodi Lukebakio MF, FW 29 5 5
25%
361 Douglas Costa MF, FW 11 1 1
25%
121 Emre Can DF, MF 28 1 4
25%
378 Exequiel Palacios MF 9 0 0
25%
78 Filip Kostić DF, FW 30 4 14
25%
159 Florian Grillitsch DF, MF 26 2 1
25%
402 Florian Hübner DF 6 0 0
25%
388 Florian Kainz MF, FW 8 1 0
25%
123 Florian Niederlechner MF, FW 28 5 4
25%
92 Florian Wirtz MF, FW 29 5 6
25%
362 Frederik Rønnow GK 11 0 0
25%
281 Hwang Hee-chan MF, FW 18 0 1
25%
161 Jadon Sancho MF, FW 26 8 11
25%
62 Jean-Paul Boëtius MF, FW 31 2 4
25%
36 Jeffrey Gouweleeuw DF 32 1 0
25%
253 Joel Pohjanpalo MF, FW 20 6 0
25%
38 John Brooks DF 32 2 0
25%
267 Jonas Hector DF, MF 19 3 1
25%
95 Jonathan Burkardt MF, FW 29 2 0
25%
134 Jonathan Tah DF 27 1 0
25%
441 Joshua Zirkzee FW 3 0 0
25%
478 Josip Stanišić DF 1 0 0
25%
97 Jude Bellingham MF 29 1 3
25%
184 Julian Ryerson DF, MF 24 0 2
25%
65 Karim Onisiwo MF, FW 31 4 0
25%
98 Kerem Demirbay MF 29 4 3
25%
301 Kevin Akpoguma DF, FW 16 1 0
25%
224 Kevin Mbabu DF 22 0 1
25%
186 Kevin Vogt DF, MF 24 0 1
25%
380 Klaas-Jan Huntelaar FW 9 2 1
25%
100 Leandro Barreiro Martins MF 29 2 2
25%
429 Lennart Grill GK 4 0 0
25%
171 Lucas Alario MF, FW 25 11 2
25%
164 Lucas Tousart MF 26 1 0
25%
365 Łukasz Piszczek DF, MF 11 0 0
25%
124 Manuel Akanji DF, MF 28 2 0
25%
188 Marcel Halstenberg DF, MF, FW 24 2 2
25%
419 Marcin Kamiński DF 5 0 0
25%
43 Marco Friedl DF, MF 32 0 0
25%
407 Marc Roca MF 6 0 0
25%
444 Mark Flekken GK 3 0 0
25%
105 Martin Hinteregger DF, MF 29 2 1
25%
355 Márton Dárdai DF, MF 12 0 1
25%
4 Marvin Friedrich DF 34 5 2
25%
172 Mateo Klimowicz MF, FW 25 1 1
25%
226 Matthew Hoppe FW 22 6 1
25%
445 Maximilian Beier MF, FW 3 0 0
25%
190 Maximilian Philipp MF, FW 24 6 2
25%
227 Max Kruse MF, FW 22 11 5
25%
484 Mickaël Cuisance MF, FW 1 0 0
25%
421 Mitchell Weiser DF, MF, FW 5 1 0
25%
229 Moanes Dabbur MF, FW 22 4 0
25%
273 Niclas Füllkrug FW 19 6 0
25%
126 Nordi Mukiele DF, FW 28 3 1
25%
211 Obite N'Dicka DF 23 3 1
25%
193 Omar Mascarell MF 24 1 1
25%
194 Orel Mangala MF 24 1 3
25%
143 Patrick Herrmann DF, MF, FW 27 0 3
25%
109 Patrik Schick MF, FW 29 9 1
25%
257 Pavel Kadeřábek DF, FW 20 0 4
25%
258 Phillipp Mwene DF, MF 20 1 2
25%
174 Ramy Bensebaini DF 25 4 0
25%
248 Renato Steffen MF, FW 21 5 4
25%
8 Ridle Baku DF, MF, FW 34 6 7
25%
196 Robert Gumny DF 24 1 0
25%
464 Rocco Reitz MF 2 0 0
25%
129 Roland Sallai MF, FW 28 8 3
25%
84 Ruben Vargas MF, FW 30 6 3
25%
130 Salih Özcan MF 28 0 1
25%
175 Silas Katompa DF, MF, FW 25 11 4
25%
167 Stefan Posch DF 26 0 0
25%
12 Theodor Gebre Selassie DF, MF, FW 34 3 1
25%
260 Thomas Delaney MF 20 1 1
25%
250 Thomas Meunier DF 21 1 1
25%
390 Tony Jantschke DF, MF 8 0 0
25%
275 Tuta DF 19 0 0
25%
150 Tyler Adams DF, MF 27 1 1
25%
334 Youssoufa Moukoko MF, FW 14 3 0
25%
496 Yunus Mallı MF, FW 1 0 0
25%
451 Abass Issah FW 2 0 0
0%
277 Admir Mehmedi MF, FW 18 0 2
0%
391 Ahmed Kutucu MF, FW 7 0 0
0%
359 Ajdin Hrustic MF, FW 11 1 0
0%
392 Akaki Gogia MF, FW 7 0 1
0%
278 Aleksandar Dragović DF, MF 18 1 0
0%
262 Alessandro Schöpf DF, MF, FW 19 0 0
0%
235 Alexander Hack DF 21 1 0
0%
290 Alfreð Finnbogason FW 17 0 1
0%
415 Alkhaly Momo Cissé DF, FW 5 0 0
0%
291 Almamy Touré DF, MF 17 1 1
0%
416 Amir Abrashi MF 5 0 0
0%
74 Amos Pieper DF 30 1 1
0%
236 Anderson Lucoqui DF 21 0 0
0%
279 Andreas Voglsammer MF, FW 18 2 2
0%
87 André Hahn MF, FW 29 8 3
0%
280 Arne Maier MF 18 0 0
0%
156 Aymen Barkok DF, MF, FW 26 2 3
0%
75 Baptiste Santamaria MF 30 1 2
0%
348 Bas Dost FW 12 4 2
0%
131 Bastian Oczipka DF, FW 27 0 2
0%
168 Benito Raman MF, FW 25 2 0
0%
178 Benjamin Stambouli DF, MF 24 0 2
0%
349 Benno Schmitz DF 12 0 1
0%
435 Blendi Idrizi MF 3 1 0
0%
436 Brian Behrendt DF 3 0 0
0%
318 Can Bozdogan MF, FW 14 0 2
0%
117 Carlos Gruezo MF 28 0 0
0%
319 Cebio Soukou MF, FW 14 1 0
0%
179 Cedric Teuchert MF, FW 24 3 1
0%
201 Christian Gebauer MF, FW 23 1 1
0%
218 Christian Gentner MF 22 0 0
0%
132 Christopher Lenz DF, MF, FW 27 0 3
0%
452 Christopher Scott MF, FW 2 0 0
0%
393 Daishawn Redan MF, FW 7 0 0
0%
219 Daley Sinkgraven DF, MF, FW 22 0 0
0%
238 Daniel Brosinski DF, MF, FW 21 2 1
0%
360 Daniel Ginczek MF, FW 11 0 0
0%
88 Danny Latza MF 29 0 2
0%
321 Darko Churlinov DF, MF 14 0 1
0%
322 David Abraham DF 14 1 0
0%
204 Davie Selke FW 23 3 1
0%
437 Davy Klaassen MF 3 0 0
0%
368 Demarai Gray MF, FW 10 1 2
0%
453 Dennis Borkowski MF, FW 2 0 0
0%
376 Dennis Geiger MF 9 1 1
0%
221 Deyovaisio Zeefuik DF, FW 22 1 0
0%
59 Diadie Samassékou MF 31 0 2
0%
350 Dimitris Limnios MF, FW 12 0 0
0%
133 Dominick Drexler MF, FW 27 2 1
0%
239 Dominique Heintz DF 21 0 0
0%
323 Edimilson Fernandes DF, MF, FW 14 0 1
0%
394 Eduard Löwen MF, FW 7 0 0
0%
468 Elias Bördner GK 1 0 0
0%
76 Elvis Rexhbeçaj MF, FW 30 5 2
0%
377 Emmanuel Dennis MF, FW 9 0 1
0%
469 Emrehan Gedikli FW 1 0 0
0%
386 Eren Dinkçi MF, FW 8 1 0
0%
240 Erik Durm DF, FW 21 1 2
0%
387 Erik Thommy MF, FW 8 0 2
0%
454 Ermin Bičakčić DF 2 1 0
0%
470 Fabian Bredlow GK 1 0 0
0%
158 Fabian Kunze MF 26 0 0
0%
310 Felix Agu DF, MF 15 1 0
0%
401 Felix Klaus MF, FW 6 0 0
0%
395 Felix Passlack DF, MF 7 1 0
0%
438 Finn Dahmen GK 3 0 0
0%
425 Florian Flick MF 4 1 0
0%
439 Frederik Sørensen DF 3 0 0
0%
336 Fredrik Jensen MF, FW 13 0 1
0%
379 Georginio Rutter MF, FW 9 1 0
0%
311 Gonçalo Paciência MF, FW 15 1 1
0%
160 Gonzalo Castro DF, MF 26 4 2
0%
181 Grischa Prömel MF 24 3 1
0%
396 Guus Til MF, FW 7 0 0
0%
403 Hamadi Al Ghaddioui FW 6 0 0
0%
440 Hamza Mendyl DF, FW 3 0 0
0%
351 Håvard Nordtveit DF, MF 12 0 0
0%
471 Henning Matriciani DF 1 0 0
0%
282 Iago DF, MF 18 1 1
0%
324 Ibrahima Konaté DF 14 1 0
0%
397 Ibrahima Traoré MF, FW 7 0 0
0%
472 Ilia Gruev MF 1 0 0
0%
325 Ishak Belfodil MF, FW 14 0 1
0%
205 Ismail Jakobs DF, MF, FW 23 1 1
0%
298 Jacob Barrett Laursen DF 16 0 1
0%
455 Jacob Bruun Larsen MF, FW 2 0 0
0%
326 Janik Haberer MF, FW 14 0 0
0%
456 Jan Luca Schuler FW 2 0 0
0%
417 Jan Morávek MF, FW 5 0 0
0%
182 Jan Thielmann DF, MF, FW 24 2 3
0%
352 Javairô Dilrosun MF, FW 12 0 1
0%
241 Jean-Manuel Mbom DF, MF 21 0 1
0%
312 Jean-Philippe Mateta FW 15 7 1
0%
163 Jeong Woo-yeong MF, FW 26 4 0
0%
252 Jérôme Roussillon DF 20 0 2
0%
37 Jerry St. Juste DF, MF 32 0 1
0%
313 Jessic Ngankam MF, FW 15 2 0
0%
242 Jhon Córdoba FW 21 7 1
0%
404 Ji Dong-won MF, FW 6 0 0
0%
473 Jimmy Kaparos MF 1 0 0
0%
170 Joakim Nilsson DF 25 0 0
0%
418 Jóan Símun Edmundsson MF, FW 5 1 0
0%
474 Jonas Dirkner MF 1 0 0
0%
458 Jonas Michelbrink MF 2 0 0
0%
426 Jordan Beyer DF 4 0 0
0%
327 Jordan Torunarigha DF 14 0 0
0%
299 Jorge Meré DF 16 0 0
0%
459 Joscha Wosz DF 2 0 0
0%
476 Joshua Brenet DF 1 0 0
0%
477 Joshua Mees MF, FW 1 0 0
0%
96 Josip Brekalo MF, FW 29 7 3
0%
254 Josuha Guilavogui DF, MF 20 0 1
0%
268 Justin Kluivert MF, FW 19 3 1
0%
223 Karim Bellarabi DF, MF, FW 22 0 0
0%
353 Kasim Nuhu DF 12 0 0
0%
427 Kerim Calhanoglu DF 4 0 0
0%
185 Keven Schlotterbeck DF, FW 24 0 0
0%
137 Kevin Möhwald MF 27 5 1
0%
269 Kevin Stöger MF, FW 19 3 0
0%
405 Kilian Ludewig DF, MF, FW 6 0 0
0%
243 Kingsley Ehizibue DF, MF, FW 21 0 1
0%
428 Klauss MF, FW 4 0 0
0%
244 Konstantinos Mavropanos DF 21 0 0
0%
354 Kwon Chang-hoon MF, FW 12 0 0
0%
328 Lars Bender DF, MF 14 1 2
0%
270 László Bénes MF 19 1 2
0%
398 Lazar Samardzic MF, FW 7 0 1
0%
138 Leonardo Bittencourt MF, FW 27 4 1
0%
460 Leon Dajaku DF, MF, FW 2 0 0
0%
479 Levent Mercan MF, FW 1 0 0
0%
293 Levin Öztunalı MF, FW 17 1 2
0%
461 Lilian Egloff DF, MF, FW 2 0 0
0%
370 Lino Tempelmann MF 10 0 0
0%
430 Loris Karius GK 4 0 0
0%
406 Luca Kilian DF 6 0 0
0%
480 Luca Mack MF 1 0 0
0%
363 Luca Netz DF, FW 11 1 0
0%
207 Ludwig Augustinsson DF, MF, FW 23 0 4
0%
283 Luka Jović MF, FW 18 4 1
0%
364 Lukas Klünter DF, MF, FW 11 0 0
0%
271 Lukas Kübler DF, MF 19 0 1
0%
481 Lukas Petkov MF, FW 1 0 0
0%
314 Mads Pedersen DF, MF 15 0 0
0%
245 Mahmoud Dahoud MF 21 1 1
0%
272 Malick Thiaw DF 19 1 0
0%
139 Manuel Gulde DF 27 2 0
0%
125 Manuel Prietl MF 28 1 1
0%
225 Marcel Hartel MF, FW 22 0 0
0%
443 Marco Höger DF, MF 3 0 0
0%
329 Marco John DF 14 0 0
0%
45 Marc-Oliver Kempf DF 32 2 1
0%
103 Marco Richter MF, FW 29 3 1
0%
81 Marcus Ingvartsen MF, FW 30 3 5
0%
420 Marek Suchý DF 5 0 0
0%
371 Marin Pongračić DF 10 0 0
0%
165 Marius Bülter DF, MF, FW 26 1 0
0%
255 Mark Uth MF, FW 20 3 1
0%
482 Marten Winkler MF, FW 1 0 0
0%
302 Marvin Plattenhardt DF, MF 16 0 2
0%
337 Masaya Okugawa MF, FW 13 1 0
0%
338 Mateu Morey DF, MF 13 0 2
0%
294 Mathew Leckie DF, MF, FW 17 0 1
0%
315 Matija Nastasić DF 15 0 0
0%
189 Mattéo Guendouzi MF 24 2 1
0%
82 Maxence Lacroix DF 30 1 1
0%
142 Maximilian Mittelstädt DF, MF, FW 27 0 2
0%
372 Max Meyer MF, FW 10 0 0
0%
408 Mehmet Aydin DF, FW 6 0 0
0%
381 Melayro Bogarde DF, MF 9 0 1
0%
483 Merveille Papela DF, MF 1 0 0
0%
191 Michael Gregoritsch MF, FW 24 1 2
0%
446 Michael Langer GK 3 0 0
0%
399 Michel Vlap MF, FW 7 1 1
0%
209 Mijat Gaćinović DF, MF, FW 23 0 2
0%
485 Mikail Maden FW 1 0 0
0%
228 Mike van der Hoorn DF 22 0 0
0%
210 Miloš Veljković DF 23 0 0
0%
192 Milot Rashica MF, FW 24 3 2
0%
486 Mohamed Sankoh FW 1 0 0
0%
47 Moussa Niakhate DF 32 3 1
0%
382 Nabil Bentaleb MF 9 0 0
0%
409 Naouirou Ahamada MF, FW 6 0 0
0%
356 Nassim Boujellab MF, FW 12 1 0
0%
304 Nathan de Medina DF 16 0 1
0%
357 Nemanja Radonjić MF, FW 12 1 2
0%
410 Nick Woltemade MF, FW 6 0 1
0%
316 Nicolás González MF, FW 15 6 2
0%
305 Nico Schlotterbeck DF 16 1 0
0%
339 Nico Schulz DF, MF, FW 13 0 0
0%
462 Niklas Lomb GK 2 0 0
0%
284 Niklas Moisander DF 18 0 0
0%
23 Niklas Stark DF, MF 33 0 0
0%
422 Niklas Tauer DF, MF 5 0 0
0%
340 Niko Gießelmann DF, FW 13 0 0
0%
48 Nils Petersen MF, FW 32 8 0
0%
341 Nils Seufert MF, FW 13 0 1
0%
487 Nishan Burkart MF 1 0 0
0%
423 Noah Joel Sarenren Bazee MF, FW 5 0 1
0%
246 Noah Katterbach DF, MF 21 0 0
0%
108 Ohis Felix Uduokhai DF 29 1 0
0%
295 Omar Alderete DF 17 0 0
0%
166 Ömer Toprak DF 26 2 0
0%
230 Oscar Wendt DF, MF 22 1 1
0%
212 Pascal Stenzel DF, MF 23 0 1
0%
431 Patrick Erras MF, FW 4 0 0
0%
489 Paulinho MF, FW 1 0 0
0%
432 Paul Nebel MF, FW 4 0 0
0%
213 Paulo Otávio DF, MF 23 0 2
0%
463 Pavao Pervan GK 2 0 0
0%
331 Petar Musa FW 14 1 3
0%
490 Philipp Bargfrede MF 1 0 0
0%
173 Philipp Förster MF, FW 25 3 1
0%
285 Philipp Klement MF, FW 18 1 2
0%
447 Philipp Pentke GK 3 0 0
0%
366 Pierre Kunde MF, FW 11 0 0
0%
448 Rabbi Matondo MF, FW 3 0 0
0%
127 Rafael Czichos DF 28 1 0
0%
400 Ragnar Ache DF, MF, FW 7 1 0
0%
231 Ralf Fährmann GK 22 0 0
0%
247 Raphael Framberger DF 21 0 1
0%
195 Reece Oxford DF, MF 24 0 0
0%
342 Reinhold Yabo MF, FW 13 1 0
0%
332 Reinier MF, FW 14 1 1
0%
110 Robert Andrich DF, MF 29 5 2
0%
343 Robert Glatzel FW 13 2 1
0%
286 Roberto Massimo DF, FW 18 0 0
0%
215 Robert Skov DF, MF, FW 23 1 0
0%
10 Robin Knoche DF 34 1 0
0%
128 Robin Quaison MF, FW 28 6 2
0%
491 Ron-Robert Zieler GK 1 0 0
0%
389 Rune Jarstein GK 8 0 0
0%
216 Ryan Sessegnon DF, MF, FW 23 2 3
0%
492 Santiago Arias DF, MF 1 0 0
0%
344 Santiago Ascacíbar MF 13 1 0
0%
287 Sargis Adamyan MF, FW 18 2 3
0%
367 Sava Cestic DF 11 0 0
0%
296 Sead Kolašinac DF, MF 17 1 1
0%
197 Sebastiaan Bornauw DF 24 1 1
0%
306 Sebastian Andersson FW 16 3 0
0%
198 Sebastian Griesbeck DF, MF 24 0 0
0%
146 Sebastian Rode MF 27 1 0
0%
147 Sebastian Rudy MF 27 1 3
0%
217 Sergio Córdova MF, FW 23 2 1
0%
345 Shkodran Mustafi DF 13 1 0
0%
149 Stefan Ilsanker DF, MF 27 1 0
0%
411 Steffen Tigges MF, FW 6 0 0
0%
346 Steven Skrzybski DF, MF, FW 13 0 0
0%
259 Steven Zuber DF, MF, FW 20 0 3
0%
176 Suat Serdar MF, FW 25 1 3
0%
289 Sven Bender DF, MF 18 0 0
0%
50 Sven Schipplock MF, FW 32 1 0
0%
347 Tahith Chong MF, FW 13 0 1
0%
249 Taiwo Awoniyi MF, FW 21 5 2
0%
70 Tanguy Coulibaly DF, MF, FW 31 2 1
0%
412 Tanguy Nianzou DF, FW 6 0 0
0%
308 Thorgan Hazard DF, MF, FW 16 1 3
0%
466 Tiago Dantas MF 2 0 0
0%
449 Tim Civeja MF 3 0 0
0%
493 Tim Maciejewski FW 1 0 0
0%
317 Timothy Chandler DF, MF 15 1 0
0%
413 Timothy Fosu-Mensah DF 6 0 0
0%
494 Tim Siersleben DF 1 0 0
0%
450 Tin Jedvaj DF 3 0 0
0%
433 Tobias Sippel GK 4 0 0
0%
112 Tobias Strobl DF, MF 29 0 0
0%
373 Tolu Arokodare MF, FW 10 0 0
0%
233 Valentino Lazaro DF, MF, FW 22 2 0
0%
495 Vasileios Pavlidis FW 1 0 0
0%
434 Vedad Ibišević FW 4 0 0
0%
234 Wendell DF, MF 22 0 0
0%
374 William DF, FW 10 0 0
0%
114 Yannick Gerhardt DF, MF, FW 29 2 4
0%
358 Yannik Keitel DF, MF 12 0 0
0%
199 Yuya Osako MF, FW 24 0 1
0%
No matching quizzes found
Score Distribution
Percent of People with Each Score
Percentile by Number Answered
Your Score History
You have not taken this quiz